Criaturas fantásticas : (Record no. 22589)

000 -CABECERA
fixed length control field 00926nam a22002297a 4500
003 - IDENTIFICADOR DEL NÚMERO DE CONTROL
control field AR-CdUCM
008 - DATOS DE LONGITUD FIJA--INFORMACIÓN GENERAL
fixed length control field 190425b ||||| |||| 00| 0 spa d
020 ## - NÚMERO INTERNACIONAL ESTÁNDAR DEL LIBRO
ISBN 9788494884818
040 ## - FUENTE DE LA CATALOGACIÓN
Agencia/entidad que catalogó originalmente la obra MUNICIPALIDAD PROVINCIAL DEL CUSCO
Entidad que transcribió la catalogación BIBLIOTECA MUNICIPAL DEL CUSCO
082 ## - NÚMERO DE LA CLASIFICACIÓN DECIMAL DEWEY
No. de Clasificación SI/398.21/Z98
Notacion interna Z98
100 ## - ENTRADA PRINCIPAL--NOMBRE DE PERSONA
Nombre Personal Zwigtman, Floortje
245 ## - MENCIÓN DE TÍTULO
Título Criaturas fantásticas :
Resto del título sobre dragones, unicornios, grifos y otros seres mitológicos /
Mención de responsabilidad Floortje Zwigtman ; con ilustraciones de Ludwig Volbeda ; traducción, Mariona Vilalta
260 ## - PUBLICACIÓN, DISTRIBUCIÓN, ETC.
Lugar de publicación, distribución, etc. Barcelona :
Nombre de la editorial, distribuidor, etc. Libros del Zorro Rojo,
Fecha de publicación, distribución, etc. 2018.
300 ## - DESCRIPCIÓN FÍSICA
Nº de Páginas Extensión 91, [1] páginas :
Otros detalles físicos ilustraciones en color ;
Dimensiones 38 cm
650 ## - PUNTO DE ACCESO ADICIONAL DE MATERIA--TÉRMINO DE MATERIA
Descriptor Animales mitológicos
9 (RLIN) 48588
650 ## - PUNTO DE ACCESO ADICIONAL DE MATERIA--TÉRMINO DE MATERIA
Descriptor Literatura juvenil
9 (RLIN) 1580
650 ## - PUNTO DE ACCESO ADICIONAL DE MATERIA--TÉRMINO DE MATERIA
Descriptor Monstruos en la mitología
9 (RLIN) 48589
700 ## - PUNTO DE ACCESO ADICIONAL--NOMBRE DE PERSONA
Nombre Personal Volbeda, Ludwig
Término de relación ilustrador
9 (RLIN) 48590
700 ## - PUNTO DE ACCESO ADICIONAL--NOMBRE DE PERSONA
Nombre Personal Vilalta, Mariona
Término de relación traductor
9 (RLIN) 48591
942 ## - ELEMENTOS DE PUNTO DE ACCESO ADICIONAL (KOHA)
Fuente de clasificación
Tipo de item Libros-BMC
945 ## - PROCESAMIENTO DE INFORMACIÓN LOCAL (OCLC)
Catalogador rac
Holdings
Estado de retiro (separado) Fuente de clasificación o esquema de estanterías Estado dañado Ubicación Sala donde se ubica Nombre de la colección Fecha de adquisición o compra Fuente de adquisición Costo, precio normal en soles Signatura topográfica Código de Barras Última vez visto (Koha) Tipo de ítem (Koha)
No     Sala de Infantes Sala de Infantes Book Cart 2022-10-12 Donación 30.00 SI/398.21/Z98 SI00004863 2022-10-12 Libros-BMC
No     Sala de Infantes Sala de Infantes Book Cart 2022-10-12 Donación 30.00 SI/398.21/Z98/e.2 SI00004864 2022-10-12 Libros-BMC

Powered by Koha